Guillaume Rochatte - version extrême - Statistiques

Statistiques générales
  • Ce quiz a été pris 12 fois
  • Le résultat moyen est 10 sur 15
Statistiques - réponses
Hint Réponse % Correct
En quelle année a-t-il passé son baccalauréat ? 2017
100%
Quelle est sa pointure de chaussure ? 46
100%
Quelle mention a-t-il eu au baccalauréat ? Bien
100%
Quelle était son activité favorite en Polynésie française ? Surf
100%
Quel est la ou le professeur de l'ICP qu'il trouve le ou la plus charismatique ? (prénom + nom) Jean-Baptiste Murez
86%
Quel est le niveau de son hôtel de ville sur le jeu mobile Clash of Clans ? 11
71%
Comment se nomment ses sœurs jumelles ? Sixtine et Pauline
71%
Quel est le prénom de son beau-frère ? Maxime
57%
Quel est le métier de sa mère ? Professeur
57%
Quelle est sa taille exacte ? 189 cm
43%
Dans quelle commune bretonne se situe sa maison de vacances ? Carnac
43%
Quel était le nom de son collège-lycée ? Notre-Dame de Sion
43%
S'il avait été une demoiselle, quel aurait été son prénom ? Sixtine
43%
Quelle matière de droit souhaite-il oublier à tout jamais ? Droit des biens
29%
Que s'est-il pris pleine face pour s'ouvrir l'arcade alors qu'il avait 6 ans ? Radiateur
14%
Aucun quiz correspondant
Distribution des résultats
% des personnes avec chaque résultat
Percentile par nombre de réponses
Votre historique - résultats
Vous n’avez pas pris ce quiz